000 00937nam a2200265Ia 4500
003 GCL
008 140319s9999 xx 000 0 ara d
040 _aGCL /
_cGCL
082 0 4 _a320.9
_bم ن
100 1 _aمركز البحوث والدراسات السياسية
245 1 0 _aالنظام الساسيى المصرى:التغيير والاستمرار اعمال المؤتمر الاول للبحوث السياسية /
_cمركز البحوث والدراسات السياسية
700 1 _aعلى الدين هلال
260 _a[S.N] :
_bمكتبة النهضة المصرية ،
_c1988
300 _a1079 ص
490 _a
650 0 4 _aالعصر الحديث
650 0 4 _aمصر
650 0 4 _aتاريخ
650 0 4 _aالاحوال السياسية
650 0 4 _aالارهاب
650 0 4 _aاسرائيل
650 0 4 _aثورة 23 يوليو 1952
650 0 4 _aالناصرية
942 _2ddc
_cBK
999 _c55804
_d55804